000 00442nmm a2200157Ia 4500
008 251105s9999||||xx |||||||||||||||||und||
020 _a9788431533441
041 _aspa
100 _aClarín, Leopoldo Alas
245 0 _aLos mejores cuentos de Clarín
264 _a[Madrid, España] :
_bDe Vecchi,
_c2000
300 _a0 páginas
650 _aSpanish narrative
856 _uhttps://public.digitaliapublishing.com/a/31152
942 _cCF
999 _c81341
_d81341